|
|
|
|
| LEADER |
00000nas a2200000 a 4500 |
| 001 |
ssj0018696 |
| 003 |
WaSeSS |
| 005 |
20200512172242.0 |
| 006 |
m d |
| 007 |
cr n |
| 008 |
900117d19901990waumr p s 0 a0eng c |
| 010 |
|
|
|a sn 90002280
|
| 022 |
|
|
|l 1048-2970
|y 1048-2970
|
| 032 |
|
|
|a 420690
|b USPS
|
| 035 |
|
|
|a (WaSeSS)ssj0018696
|
| 037 |
|
|
|b Sound Business, 3000 Northrup Way, Ste. 200, P.O. Box 96043, Bellevue, WA 98009
|
| 040 |
|
|
|a NSD
|b eng
|c NSD
|d CLU
|d WAU
|d EBZ
|d OCLCQ
|d OCLCF
|d OCLCO
|d OCLCA
|d WaSeSS
|
| 042 |
|
|
|a nsdp
|a pcc
|
| 043 |
|
|
|a n-us-wa
|
| 050 |
|
4 |
|a F899.S4
|b S35
|
| 222 |
|
0 |
|a Sound business
|
| 245 |
0 |
0 |
|a Sound business
|h [electronic resource].
|
| 260 |
|
|
|a Bellevue, WA :
|b Vernon Publications,
|c c1990-
|
| 310 |
|
|
|a Monthly
|
| 362 |
0 |
|
|a Vol. 75, no. 1 (Jan. 1990)-
|
| 362 |
1 |
|
|a Ceased with issue for Aug. 1990.
|
| 500 |
|
|
|a Title from cover.
|
| 506 |
|
|
|a License restrictions may limit access.
|
| 550 |
|
|
|a Official publication of the Greater Seattle Chamber of Commerce.
|
| 650 |
|
7 |
|a Economic history.
|2 fast
|0 (OCoLC)fst00901974
|
| 651 |
|
0 |
|a Puget Sound Region (Wash.)
|v Periodicals.
|
| 651 |
|
0 |
|a Puget Sound Region (Wash.)
|x Economic conditions
|v Periodicals.
|
| 651 |
|
7 |
|a Washington (State)
|z Puget Sound Region.
|2 fast
|0 (OCoLC)fst01351353
|
| 655 |
|
0 |
|a Electronic journals.
|
| 710 |
2 |
|
|a Greater Seattle Chamber of Commerce.
|
| 780 |
0 |
0 |
|t Seattle business
|x 0887-6630
|w (DLC)sn 78000110
|w (OCoLC)3922610
|
| 850 |
|
|
|a CLU
|
| 856 |
4 |
0 |
|z Full text available from Research Library: 02/01/1986 to 08/31/1990
|u https://search.proquest.com/publication/31555
|